000 00852nam a2200277 a 4500
008
020 _a0397549172 (pbk. )
049 _aMAIN
090 0 1 _aRT41 FUN
100 _aTaylor, Carol.
245 0 0 _aFundamentals of nursing :
_bthe art and science of nursing care /
_cedited by Carol Taylor, Carol Lillis and Priscilla LeMone.
250 _a2nd ed.
260 _aPhiladelphia :
_bLippincott,
_c1989.
300 _axxvii, 1356 p. :
_bill. (some col.) ;
_c29 cm.
500 _aIncludes index.
504 _aIncludes bibliograhical references.
650 0 _aNursing.
700 _aTaylor , Carol
700 1 _aLillis, Carol.
700 1 _aLeMone, Priscilla.
907 _a.b10161168
_b06-02-14
_c07-04-05
003
005 20230120203918.0
040 _cNUST
942 _cBOOKS
_kRT41 FUN
999 _c113758
_d113758